Mathematical methods for scientists and engineers (Record no. 1511)

MARC details
000 -LEADER
fixed length control field 00496nam a2200181Ia 4500
003 - CONTROL NUMBER IDENTIFIER
control field IN-BaIIA
008 - FIXED-LENGTH DATA ELEMENTS--GENERAL INFORMATION
fixed length control field 211028s9999 xx 000 0 eng d
020 ## - INTERNATIONAL STANDARD BOOK NUMBER
International Standard Book Number  978-0486602202
040 ## - CATALOGING SOURCE
Transcribing agency IIA Library
080 ## - UNIVERSAL DECIMAL CLASSIFICATION NUMBER
Universal Decimal Classification number 51-74
Item number SMI
100 ## - MAIN ENTRY--PERSONAL NAME
Personal name Smith, Lloyd P
9 (RLIN) 3057
245 #0 - TITLE STATEMENT
Title Mathematical methods for scientists and engineers
Statement of responsibility, etc. Lloyd P. Smith
260 ## - PUBLICATION, DISTRIBUTION, ETC.
Place of publication, distribution, etc. New York
Name of publisher, distributor, etc. Prentice-Hall
Date of publication, distribution, etc. 1953
300 ## - PHYSICAL DESCRIPTION
Extent x, 453p.
650 ## - SUBJECT ADDED ENTRY--TOPICAL TERM
Topical term or geographic name entry element Mathematics-general
9 (RLIN) 750
650 ## - SUBJECT ADDED ENTRY--TOPICAL TERM
Topical term or geographic name entry element NASA thesaurus
942 ## - ADDED ENTRY ELEMENTS (KOHA)
Koha item type Books
Holdings
Withdrawn status Lost status Damaged status Not for loan Home library Current library Shelving location Date acquired Total Checkouts Full call number Barcode Date last seen Price effective from Koha item type
        IIA Library-Bangalore IIA Library-Bangalore General Stacks     51-74/ SMI 1629 05/11/2021   Books

Powered by Koha